The kinematic formula in Riemannian homogenous spaces
Αποθηκεύτηκε σε:
| Κύριος συγγραφέας: | |
|---|---|
| Μορφή: | Βιβλίο |
| Γλώσσα: | English |
| Δημοσίευση: |
Providence, Rhode island :
American Mathematical Society,
c1993
|
| Σειρά: | Memoirs of the American Mathematical Society ;
; 509 |
| Θέματα: | |
| Ετικέτες: |
Προσθήκη ετικέτας
Δεν υπάρχουν, Καταχωρήστε ετικέτα πρώτοι!
|
MARC
| LEADER | 00000nam a2200000 i 4500 | ||
|---|---|---|---|
| 001 | 1/75078 | ||
| 008 | 990528s1993 eng d | ||
| 020 | |a 0-8218-2569-0 | ||
| 035 | |l 10049247 | ||
| 040 | |a GR-MY-UA |b gre |e aacr | ||
| 041 | 0 | |a eng | |
| 082 | 0 | |a 516.373 | |
| 100 | 1 | |a Howard, Ralph |d 1950- | |
| 245 | 1 | 4 | |a The kinematic formula in Riemannian homogenous spaces / |c Ralph Howard |
| 260 | |a Providence, Rhode island : |b American Mathematical Society, |c c1993 | ||
| 300 | |a vi, 69 p.; |c 26 cm. | ||
| 490 | 1 | |a Memoirs of the American Mathematical Society |v ; 509 | |
| 500 | |a November 1993, volume 106, number 509 (fourth of 6 numbers) | ||
| 500 | |a Includes bibliographical references | ||
| 650 | 0 | 0 | |a Integral geometry. |
| 650 | 0 | 0 | |a Riemannian manifolds. |
| 830 | 0 | |a Memoirs of the American Mathematical Society ; |v ; 509 | |
| 852 | |a INST |b SAMOS |e 19990528 |h 516.373 HOW |p 005300012890 |q 005300012890 |t BK |y 0 | ||
| 901 | |a BIBL3-1999-2 | ||
| 909 | |a Σ |b 063691 | ||
| 922 | |a 3ΕΛΗ |b 199901 |c ΚΠΣ |d GLORY | ||